Czasopisma Sportowe w Polsce - Statystyki

Ogólne statystyki
  • Ten quiz został rozwiązany 19 razy
  • Średni wynik to 3 z 14
Statystyki odpowiedzi
Sport Typ Tytuł % Poprawnych
różne dziennik Przegląd Sportowy
79%
piłka nożna tygodnik Piłka Nożna
63%
różne dziennik Sport
47%
różne, młodzieżowy miesięcznik Giga Sport
26%
żużel tygodnik Tygodnik Żużlowy
16%
piłka nożna, klubowy kwartalnik Nasza Legia
11%
piłka nożna, kibicowski miesięcznik To my kibice
11%
Formuła 1 miesięcznik GP Racing
5%
piłka nożna nieregularnie Kopalnia
5%
różne* kwartalnik Kwartalnik Sportowy
5%
piłka nożna, młodzieżowy miesięcznik Just Kick-It
0%
piłka nożna, dla dzieci kwartalnik Strzał na bramkę
0%
żużel kwartalnik Świat Żużla
0%
tenis kwartalnik Tenis Magazyn
0%
Nie znaleziono quizów pasujących do podanych kryteriów
Rozkład punktacji
Procent ludzi z każdym wynikiem
Percentyl według liczby udzielonych odpowiedzi
Twoja historia wyników
Nie rozwiązałeś tego quizu